000 00612nam a2200205 a 4500
005 20220625063459.0
008 991125s1995 mx 000 0 spa u
020 _a9686954279
035 _aUPN01000001285
049 _aCG
050 4 _aQH545 W3
_bA48
245 0 0 _aAgua salud y derechos humanos /
_ccoord. Iván Restrepo.
260 _aMéxico :
_bCNDH,
_c1995.
300 _a409 p.
650 4 _aAGUA -
_xCONTAMINACION
_91026
650 2 _aDerechos civiles
_xInterpretación y construcción
_97718
650 4 _aSUELO -
_xCONSERVACION
700 1 _aRestrepo Fernández, Iván,
_ecoord.
_943047
905 _aLibro
999 _c1285
_d1285